000 00522nam a2200169 a 4500
005 20140414132122.0
008 121010s19uu xx 00 eng d
050 _aTR
_bWi763 1997
100 _aMckie, Anne
245 _aThe Illustrated wind in the willows.
260 _aLondon :
_bGrandreams Limited,
_c1997.
300 _a98
500 _aThe River bank. The Open road. The Wild wood. The Adventures of Mr. Toad.
650 _astories-fables-collection.
700 _aKen McKie ( illustrator)
999 _c115097
_d115097